Normal view
MARC view
Entry Personal Name
001 - CONTROL NUMBER
- control field: 82184
003 - CONTROL NUMBER IDENTIFIER
- control field: OSt
005 - DATE AND TIME OF LATEST TRANSACTION
- control field: 20230403101132.0
008 - FIXED-LENGTH DATA ELEMENTS
- fixed length control field: 230403|| aca||aabn | a|a d
040 ## - CATALOGING SOURCE
- Original cataloging agency: OSt
- Transcribing agency: OSt
100 ## - HEADING--PERSONAL NAME
- Personal name: EVANS (Thomas G)
670 ## - SOURCE DATA FOUND
- Source citation: Work cat.: (OSt)158538: EVANS (Thomas G)., Accounting theory: contemporary accounting issues., 2003